000
00251nam a2200097Ia 4500
001
696168
005
20250826162007.0
008
250824s9999 xx 000 0 und d
245
0
_a
KUMRAL ADA MAVİ TUNA/B.UZUNER/EVEREST
_c
BUKET UZUNER
260
_b
EVEREST
999
_c
696168
_d
696168